Front Office tevékenységek a digitális korban Mesterséges intelligencia és automatizálás a szállodai recepció működésében

Bibliográfiai részletek
Szerző: Wilson Emma Zsuzsanna
További közreműködők: Bártfai Endre György
Dokumentumtípus: Diplomadolgozat
Kulcsszavak:dolgozók elégedettségi vizsgálata
mesterséges intelligencia
szálláshely-szolgáltatás
szállodaipar
tevékenység-elemzés
Online Access:http://dolgozattar.uni-bge.hu/60283

MARC

LEADER 00000nta a2200000 i 4500
001 dolg60283
005 20260409150239.0
008 260409suuuu hu om 000 hun d
040 |a BGE Dolgozattár Repozitórium  |b hun 
041 |a hu 
100 1 |a Wilson Emma Zsuzsanna 
245 1 0 |a Front Office tevékenységek a digitális korban  |b Mesterséges intelligencia és automatizálás a szállodai recepció működésében  |c Wilson Emma Zsuzsanna  |h [elektronikus dokumentum] 
520 3 |a Szakdolgozatom -Front Office tevékenységek a digitális korban: Mesterséges intelligencia és automatizálás a szállodai recepció működésében- véleményem szerint az egyik, ha nem, a legaktuálisabb téma jelenleg 2025-ben. Ezért is esett erre a választásom, hogy ismertetni tudjam a technológia határtalan szolgáltatásait. A dolgozat célja tehát annak vizsgálata, hogy a mesterséges intelligencia (MI) és a digitalizáció hogyan alakítja át a szállodaipar Front Office részleg tevékenységeit és működését. Az elmúlt évek technológiai fejlődése új lehetőségeket és kihívásokat teremtett ezen a területen is. A MI általános fogalmától a működési elvein át egészen az alkalmazási lehetőségekig minden bemutatásra kerül, példákon és személyes tapasztalok alapján szemléltetve.A legfontosabb aspektusa kutatásomnak a jövőbeli lehetséges fejlesztések és új trendek bemutatása, mely egy konkrét szállodán keresztül kerül bemutatásra, de természetesen minden szálloda számára fontos, hogy feltérképezze a lehetséges innovációkat és nyitottak legyenek az új technológiákra. 
695 |a dolgozók elégedettségi vizsgálata 
695 |a mesterséges intelligencia 
695 |a szálláshely-szolgáltatás 
695 |a szállodaipar 
695 |a tevékenység-elemzés 
700 1 |a Bártfai Endre György  |e ths 
856 4 0 |u http://dolgozattar.uni-bge.hu/60283/1/Wilson%20Emma%20Zsuzsanna%20Szakdolgozat%20FZI05W.pdf  |z Dokumentum-elérés 
856 4 0 |u http://dolgozattar.uni-bge.hu/60283/2/Wilson%20Emma%20Zsuzsanna_konzulens_B%C3%A1rtfai%20Endre.pdf  |z Dokumentum-elérés 
856 4 0 |u http://dolgozattar.uni-bge.hu/60283/3/WilsonEZs-B%C3%ADr%C3%A1lati%20lap.pdf  |z Dokumentum-elérés